A companion to philosophy in the middle ages / (Record no. 409)

000 -LEADER
fixed length control field 01326nam a22003737a 4500
001 - CONTROL NUMBER
control field 12722007
003 - CONTROL NUMBER IDENTIFIER
control field OSt
005 - DATE AND TIME OF LATEST TRANSACTION
control field 20210419123009.0
008 - FIXED-LENGTH DATA ELEMENTS--GENERAL INFORMATION
fixed length control field 020328s2006 mau b 001 0 eng
010 ## - LIBRARY OF CONGRESS CONTROL NUMBER
LC control number 2002066421
020 ## - INTERNATIONAL STANDARD BOOK NUMBER
International Standard Book Number 0631216723 (alk. paper)
040 ## - CATALOGING SOURCE
Original cataloging agency DLC
Transcribing agency DLC
Modifying agency DLC
041 ## - LANGUAGE CODE
Language code of text/sound track or separate title eng
042 ## - AUTHENTICATION CODE
Authentication code pcc
050 00 - LIBRARY OF CONGRESS CALL NUMBER
Classification number B721
Item number .C54 2003
080 ## - UNIVERSAL DECIMAL CLASSIFICATION NUMBER
Universal Decimal Classification number 1 (09)
Item number G-71
082 00 - DEWEY DECIMAL CLASSIFICATION NUMBER
Classification number 189
Edition number 21
100 ## - MAIN ENTRY--PERSONAL NAME
9 (RLIN) 309
Personal name Gracia, J., E., Jorge
Relator term Editor
245 02 - TITLE STATEMENT
Title A companion to philosophy in the middle ages /
Statement of responsibility, etc. edited by Jorge J.E. Gracia and Timothy B. Noone.
260 ## - PUBLICATION, DISTRIBUTION, ETC.
Place of publication, distribution, etc. Malden, MA :
Name of publisher, distributor, etc. Blackwell Pub.,
Date of publication, distribution, etc. 2006
300 ## - PHYSICAL DESCRIPTION
Extent xxi, 739 p. ;
Dimensions 26 cm.
440 #0 - SERIES STATEMENT/ADDED ENTRY--TITLE
Title Blackwell companions to philosophy ;
Volume/sequential designation 24
504 ## - BIBLIOGRAPHY, ETC. NOTE
Bibliography, etc. note Includes bibliographical references (p. 720-724) and indexes.
650 #0 - SUBJECT ADDED ENTRY--TOPICAL TERM
Topical term or geographic name entry element Philosophy, Medieval.
650 #0 - SUBJECT ADDED ENTRY--TOPICAL TERM
Topical term or geographic name entry element Philosophy
9 (RLIN) 282
653 ## - INDEX TERM--UNCONTROLLED
Uncontrolled term ფილოსოფიის ისტორია
653 ## - INDEX TERM--UNCONTROLLED
Uncontrolled term ფილოსოფია
653 ## - INDEX TERM--UNCONTROLLED
Uncontrolled term შუა საუკუნეების ფილოსოფია
700 1# - ADDED ENTRY--PERSONAL NAME
Personal name Gracia, Jorge J. E.
700 1# - ADDED ENTRY--PERSONAL NAME
Personal name Noone, Timothy B.
906 ## - LOCAL DATA ELEMENT F, LDF (RLIN)
a 7
b cbc
c orignew
d 1
e ocip
f 20
g y-gencatlg
942 ## - ADDED ENTRY ELEMENTS (KOHA)
Source of classification or shelving scheme
Koha item type Books
Holdings
Withdrawn status Lost status Source of classification or shelving scheme Damaged status Not for loan Permanent location Current location Date acquired Inventory number Total Checkouts Full call number Barcode Date last seen Price effective from Koha item type
          Ken Walker International University Ken Walker International University 11/24/2020 1085   1 (09) G-71 1085 11/24/2020 11/24/2020 Books

Powered by Koha